| 000 | 00827nam a22002297a 4500 | ||
|---|---|---|---|
| 005 | 20240530110547.0 | ||
| 008 | 160601s2014 ua a g b 000 0 ara d | ||
| 017 |
_a2013/21568 _bمصر . دار الكتب المصرية |
||
| 020 | _a9789773505462 | ||
| 040 | _aEG-CaGPL | ||
| 082 | 0 | 4 |
_221 _a372.218\ _bأ ت |
| 100 | 0 | _aامانى البساط . | |
| 245 | 1 | 2 |
_aالتدريس المصغر و تطوير الاداء المهنى لمعلمة الروضة / _cاعداد امانى البساط . |
| 250 | _aط 1. | ||
| 260 |
_aالقاهرة : _bدار الكتاب الحديث ، _c2014 . |
||
| 300 |
_a200 ص ؛ _c24 سم . |
||
| 650 | 0 | 4 | _aرياض الاطفال . |
| 650 | 0 | 4 | _aالتدريس . |
| 650 | 0 | 4 | _aمهارات التدريس |
| 942 |
_2ddc _cBK |
||
| 999 |
_c62370 _d62370 |
||